Normal view
MARC view
Entry Personal Name
001 - CONTROL NUMBER
- control field: 1218209
003 - CONTROL NUMBER IDENTIFIER
- control field: OSt
005 - DATE AND TIME OF LATEST TRANSACTION
- control field: 20260324144131.0
008 - FIXED-LENGTH DATA ELEMENTS
- fixed length control field: 260324|| aca||aabn | a|a d
040 ## - CATALOGING SOURCE
- Original cataloging agency: OSt
- Transcribing agency: OSt
100 ## - HEADING--PERSONAL NAME
- Personal name: Euan S. Henderson; Alan Peacock; Patricia M E Ashton
670 ## - SOURCE DATA FOUND
- Source citation: Work cat.: (OSt)1824438: Euan S. Henderson; Alan Peacock; Patricia M E Ashton, Teacher education through classroom evaluation
